000 00895nam a2200229 4500
001 137065
003 ES-MaACL
005 20250930063123.0
007 t|
008 070214s1907 sp r ||||1| spa d
080 _a821.134.2-31"16"
100 1 _aSalas Barbadillo, Alonso Jerónimo de,
_d1581-1635
_9101754
245 1 3 _aLa hija de Celestina /
_cpor Alonso Jerónimo de Salas Barbadillo ; [introducción por Joaquín López Barbadillo].
260 _aMadrid :
_bPedro González-Blanco y Joaquín López Barbadillo,
_c1907.
300 _a162 p. ;
_c19 cm.
490 1 _aColección clásica de obras picarescas
534 _pReprod. facsímil de la ed. de:
_cMilán : por Juan Baptista de Bidelo, 1616.
700 1 _aLópez Barbadillo, Joaquín.
_973441
830 1 _aColección clásica de obras picarescas
_9187065
852 _aES-MaACL
_jA-4083
999 _c137065
_d137065